The biology of mangroves

Main Author: Hogarth, Peter J.
Language:English
Published: Oxford: Oxford University Press, 1999.
Subjects:
LEADER 00970cam a2200277 7i4500
001 0000037840
005 20180308090000.0
008 050420s1999 nyu eng
020 # 0 |a 0198502222  
020 # 0 |a 978198502227  
040 # # |b eng  |c UMT  |e rda 
090 0 0 |a QH 541.5 .M27   |b H6 1999 
100 1 # |a Hogarth, Peter J.  
245 1 4 |a The biology of mangroves   |c by Peter J. Hogarth. 
264 # 1 |a Oxford:   |b Oxford University Press,   |c 1999. 
264 # 4 |c ♭ 1999. 
300 # # |a ix, 228 pages:   |b illustration, maps;   |c 25 cm.. 
336 # # |a text  |2 rdacontent<U+0009> 
337 # # |a unmediated  |2 rdamedia<U+0009> 
338 # # |a volume  |2 rdacarrier<U+0009> 
504 0 0 |a Includes bibliographical references and index 
590 # # |a Rujukan Kursus Jabatan Sains Marin 
650 0 0 |a Mangrove ecology  
999 |a 1100022881  |b Book  |c Open Shelf  |e KOLEKSI TERBUKA 
999 |a 1100022880  |b Book  |c Open Shelf  |e KOLEKSI TERBUKA 
999 |a 1100098803  |b Book  |c Open Shelf  |e KOLEKSI TERBUKA